Calidad del programa de promocion y prevencion en crecimiento y desarrollo en niños menores de 10 años. CAP Boquilla corregimiento de Cartagena de Indias año 2007 / (Registro nro. 3723)

Detalles MARC
000 -LEADER
fixed length control field 01525nam a2200325 4500
003 - CONTROL NUMBER IDENTIFIER
control field CO-CtgCURN
005 - DATE AND TIME OF LATEST TRANSACTION
control field 20250329165429.0
008 - FIXED-LENGTH DATA ELEMENTS--GENERAL INFORMATION
fixed length control field 160531s2007 000 0 eng d
040 ## - CATALOGING SOURCE
Original cataloging agency CO-CtgCURN
Language of cataloging spa
Transcribing agency coctgcurn
082 0# - DEWEY DECIMAL CLASSIFICATION NUMBER
Classification number ENF 2007
Item number M385
245 00 - TITLE STATEMENT
Title Calidad del programa de promocion y prevencion en crecimiento y desarrollo en niños menores de 10 años. CAP Boquilla corregimiento de Cartagena de Indias año 2007 /
Statement of responsibility, etc. Susy Martínez Figueroa ... [et al.] ; asesor, Andres Bedoya Ossa.
260 ## - PUBLICATION, DISTRIBUTION, ETC.
Place of publication, distribution, etc. Cartagena de Indias :
Name of publisher, distributor, etc. Corporación Universitaria Rafael Núñez,
Date of publication, distribution, etc. 2007.
300 ## - PHYSICAL DESCRIPTION
Extent 108 h.
336 ## - CONTENT TYPE
Source rdacontent
337 ## - MEDIA TYPE
Source rdamedia
Media type term sin mediacion
Media type code n
338 ## - CARRIER TYPE
Source rdacarrier
Carrier type term volumen
Carrier type code nc
500 ## - GENERAL NOTE
General note Incluye anexos.
502 ## - DISSERTATION NOTE
Dissertation note Trabajo de grado (Enfermera (o)). Corporación Universitaria Rafael Nuñez. Facultad de Ciencias de la Salud. Programa de Enfermeria, 2007.
504 ## - BIBLIOGRAPHY, ETC. NOTE
Bibliography, etc. note Incluye bibliografia.
590 ## - LOCAL NOTE (RLIN)
Local note Enfemeria
650 #0 - SUBJECT ADDED ENTRY--TOPICAL TERM
Topical term or geographic name entry element Enfermeria
Form subdivision Tesis y disertaciones academicas.
700 1# - ADDED ENTRY--PERSONAL NAME
Personal name Martínez Figueroa, Susy.
700 1# - ADDED ENTRY--PERSONAL NAME
Personal name Pinedo Menco, Tatiana.
700 1# - ADDED ENTRY--PERSONAL NAME
Personal name Salas Fuentes, Kenia.
700 1# - ADDED ENTRY--PERSONAL NAME
Personal name Miranda Zambrano, Monica.
700 1# - ADDED ENTRY--PERSONAL NAME
Personal name Bedoya Ossa, Andres.
856 7# - ELECTRONIC LOCATION AND ACCESS
Uniform Resource Identifier <a href="https://unicurn.sharepoint.com/:b:/s/biblioteca/EQGZmmayjJJIo_PEggvUBO0Bm7wVdEDFY--SkosAuYTryQ?e=k98zkU">https://unicurn.sharepoint.com/:b:/s/biblioteca/EQGZmmayjJJIo_PEggvUBO0Bm7wVdEDFY--SkosAuYTryQ?e=k98zkU</a>
Public note Click aqui para ver el recurso en texto completo
942 ## - ADDED ENTRY ELEMENTS (KOHA)
Classification part ENF 2007
Item part M385
Source of classification or shelving scheme Dewey Decimal Classification
Koha item type Trabajos de grado
Existencias
Withdrawn status Lost status Damaged status Not for loan Collection Home library Current library Shelving location Date acquired Cost, normal purchase price Inventory number Total checkouts Full call number Barcode Date last seen Price effective from Koha item type
        Trabajos de grado Miguel Henríquez Emiliani Miguel Henríquez Emiliani Trabajo de grado 09/23/2018 35000.00 019857   ENF 2007 M385 019857 03/29/2025 03/29/2025 Trabajos de grado